| 000 | 01493cam a2200337 a 4500 | ||
|---|---|---|---|
| 999 |
_c27922 _d27922 |
||
| 001 | 12501787 | ||
| 005 | 20170211123325.0 | ||
| 008 | 010814s2002 caua 000 0beng | ||
| 010 | _a 2001005019 | ||
| 020 | _a0520208323 | ||
| 043 | _aa-cc--- | ||
| 050 | 0 | 0 | _aND104 9.F45B37 2002 |
| 100 | 1 | _aBarmé, Geremie. | |
| 245 | 1 | 3 |
_aAn artistic exile : _ba life of Feng Zikai (1898-1975) / _cGeremie R. Barmé. |
| 246 | 3 | 0 | _aLife of Feng Zikai (1898-1975) |
| 260 |
_aBerkeley : _bUniversity of California Press, _cc2002. |
||
| 300 |
_axi, 471 p. : _bill. ; _c23 cm. |
||
| 500 | _a"A Philip E. Lilienthal book"--First prelim. p. | ||
| 504 | _aIncludes bibliographical references (p. 433-459) and index. | ||
| 600 | 1 | 0 |
_aFeng, Zikai, _d1898-1975. |
| 650 | 0 |
_aPainters _zChina _vBiography. |
|
| 856 | 4 | 2 |
_3Contributor biographical information _uhttp://www.loc.gov/catdir/bios/ucal051/2001005019.html |
| 856 | 4 | 2 |
_3Publisher description _uhttp://www.loc.gov/catdir/description/ucal042/2001005019.html |
| 856 | 4 | 1 |
_3Table of contents _uhttp://www.loc.gov/catdir/toc/fy037/2001005019.html |
| 942 |
_2lcc _cBOOKS |
||